000 00304nam a2200109Ia 4500
008 220204s9999 xx 000 0 und d
082 _a338.43.01(547.1MAH)
_bSAN
100 _aS D
245 0 _aAgricultural development in Maharashtra: Problems and prospects
260 _aMumbai
_bNBARD
_c1999
942 _cBK
999 _c43884
_d43884